skbl

Dr Suryya Kumar Bhuyan Library Web-OPAC
ডঃ সূৰ্য্য
কুমাৰ ভূঞা পুথিভঁৰাল ৱেব-অ'পেক

All Research Scholars are advised to clear the annual library fees to continue using Library Resources, Remote Access, Plagiarism Test and Library Clearance.

Cotton University Book Fair 2026

Lewin,s Genesx (Record no. 58088)

MARC details
000 -LEADER
fixed length control field 00651nam a2200205Ia 4500
001 - CONTROL NUMBER
control field 58189
008 - FIXED-LENGTH DATA ELEMENTS--GENERAL INFORMATION
fixed length control field 141216n ii |||gr||||Z||||||465
020 ## - INTERNATIONAL STANDARD BOOK NUMBER
International Standard Book Number 978-0-763-77992-4
082 ## - DEWEY DECIMAL CLASSIFICATION NUMBER
Classification number 572.86
245 #0 - TITLE STATEMENT
Title Lewin,s Genesx
Statement of responsibility, etc. Jocelyn E. Krebs, Elliott S.Goldstein & Stephen T.Kilpatrick
Medium Textual Documents
250 ## - EDITION STATEMENT
Edition statement International edition.
260 ## - PUBLICATION, DISTRIBUTION, ETC.
Place of publication, distribution, etc. Buston:
Name of publisher, distributor, etc. Jones And Bartlett Publishers.,
Date of publication, distribution, etc. 2011.
300 ## - PHYSICAL DESCRIPTION
Extent 930pg:
Dimensions 27cm.
653 ## - INDEX TERM--UNCONTROLLED
Uncontrolled term Biology
653 ## - INDEX TERM--UNCONTROLLED
Uncontrolled term Deptt- Zoology
700 ## - ADDED ENTRY--PERSONAL NAME
Personal name Krebs,Jocelyn E. ,
Relator term Author.,
700 ## - ADDED ENTRY--PERSONAL NAME
Personal name Goldstein, Elliott S. ,
Relator term Author.,
700 ## - ADDED ENTRY--PERSONAL NAME
Personal name Kilpatrick, Stephen T. ,
Relator term Author.,
942 ## - ADDED ENTRY ELEMENTS (KOHA)
Source of classification or shelving scheme Dewey Decimal Classification
Koha item type Books
Holdings
Withdrawn status Lost status Damaged status Not for loan Collection Home library Current library Shelving location Date acquired Coded location qualifier Total checkouts Full call number Barcode Date last seen Copy number Price effective from Koha item type
          Dr. Suryya Kumar Bhuyan Library Dr. Suryya Kumar Bhuyan Library   16/12/2014 00000   572.86 Kr 871 Le 990/Zoo 14/01/2024 1 16/12/2014 Books

Designed and Maintained by Team SKBL
©1901-2026

Powered by Koha